| 000 | 00000nam##2200000za#4500 |
| 001 | 9.618226 |
| 003 | CaOODSP |
| 005 | 20210615102707 |
| 007 | ta |
| 008 | 150406|2006||||xxc||||| f|0| 0 eng|d |
| 022 | |a0706-6457 |
| 040 | |aCaOODSP|beng |
| 043 | |an-cn--- |
| 086 | 1 |aFs97-6/2661E |
| 110 | 1 |aCanada. |bDepartment of Fisheries and Oceans. |
| 245 | 10|aTagged fish dynamics model (TFDM) of Pacific herring (Clupea pallasi) in British Columbia / |c[by] Z. Zhao ... [et al.] |
| 260 | |aNanaimo - British Columbia : |bFisheries and Oceans Canada |c2006. |
| 300 | |avi, 59p. : |bcoloured illus., coloured map, graphs, references, tables ; |c28 cm. |
| 490 | 1 |aCanadian technical report of fisheries and aquatic sciences|x0706-6457|vNo. 2661 |
| 500 | |a"Fisheries and Oceans Canada, Pacific Biological Station, 3190 Hammond Bay Road, Nanaimo, BC V9T 6N7" |
| 520 | 3 |aThis report is part of a series containing scientific and technical information that widens existing scientific knowledge but is not considered appropriate for publication in the primary literature. The research covers such subjects as ecosystem models, methods for enhancing aquaculture, commercial fishing equipment, and environmental threats to aquatic quality and fisheries resources. Includes tables, graphs, and charts. |
| 546 | |a(Résumé en français.) |
| 563 | |aSoftcover |
| 590 | |a07-09|b2007-03-02 |
| 690 | 07|aLabelling|2gcpds |
| 690 | 07|aSalt water fish|2gcpds |
| 690 | 07|aSoftware|2gcpds |
| 690 | 07|aWestern provinces|2gcpds |
| 720 | 1 |aZhao, Z |
| 776 | 0#|tTagged fish dynamics model (TFDM) of Pacific herring (Clupea pallasi) in British Columbia / |w(CaOODSP)9.574206 |
| 830 | #0|aCanadian technical report of fisheries and aquatic sciences,|x0706-6457|vNo. 2661|w(CaOODSP)9.514691 |